| 000 | 00436nab a2200145Ia 4500 | ||
|---|---|---|---|
| 003 | ES-SlBCS | ||
| 005 | 20210601125246.0 | ||
| 008 | 140529s1983 xxu||||| |||| 00| 0 eng d | ||
| 041 | _aeng | ||
| 100 | 1 |
_aLewis, Delmas _9156065 |
|
| 245 | 0 | 0 |
_aDualism and the Causal Theory of Memory _c Delmas Lewis |
| 650 | 0 | 4 |
_aDualismo _9133000 |
| 773 | 0 |
_tPhilosophy and Phenomenological Research _gvol. 44, 1983, págs. 21-30 _wRev1411 |
|
| 942 | _cAR | ||
| 999 |
_c527388 _d527388 |
||